Bilecik Bilecik Bilecik Bilecik Bilecik

Bütün fragmanlar/ (Record no. 40904)

MARC details
000 -BAŞLIK
Sabit Uzunluktaki Kontrol Alanı 01333nam a22003737a 4500
001 - KONTROL NUMARASI
Control Dosyası 0041043
003 - KONTROL NUMARASI KİMLİĞİ
Kontrol Alanı KOHA_MİRAKIL
005 - EN SON İŞLEM TARİHİ ve ZAMANI
Kontrol Alanı 20260207003223.0
007 - FİZİKSEL TANIM SABİT ALAN - GENEL BİLGİ
Sabit uzunluklu kontrol alanı ta
008 - SABİT UZUNLUKTAKİ VERİ ÖGELERİ - GENEL BİLGİ
Sabit Alan 130730b2009 tu |||gr||||#||||1|tur |
020 ## - ISBN - ULUSLARARASI STANDART KİTAP NUMARASI
Isbn 9789944887052
Nitelik bilgileri
020 ## - ISBN - ULUSLARARASI STANDART KİTAP NUMARASI
Isbn 9789944887069
040 ## - KATALOGLAMA KAYNAĞI
Özgün Kataloglama Kurumu TR-BiSEU
Kataloglama Dili tur
Çeviri Kurumu TR-BiSEU
Açıklama Kuralları rda
041 0# - DİL KODU
Metin ya da ses kaydının dil kodu tur
044 ## - YAYINLAYAN/ÜRETEN KURULUŞUN ÜLKE KODU
ISO country code tu
050 ## - SINIFLAMA ve YER NUMARASI
Sınıflama Numarası PA4017.H3
Yer Numarası B88 2009
100 1# - KİŞİ ADI
Yazar Adı (Kişi adı) Hipponaks, Ephesoslu.
245 1# - ESER ADI BİLDİRİMİ
Başlık Bütün fragmanlar/
Sorumluluk Bildirimi Ephesoslu Hipponaks ; Ephesoslu Hipponaks ; çeviren, Alova ; editör, Ali Alkan İnal..
264 #1 - ÜRERİM, YAYIN, DAĞITIM ve TELİF BİLDİRİMİ
Yayın yeri İstanbul :
Yayınlayan Türkiye İş Bankası Kültür Yayınları
Yayın tarihi 2009
300 ## - FİZİKSEL TANIMLAMA
Sayfa, Cilt vb. xiv, 92 sayfa ;
Boyutları 20 cm.
336 ## - İÇERİK TÜRÜ
Content type term metin
Content type code txt
Source rdacontent
337 ## - MEDYA TÜRÜ
Media type term aracısız
Media type code n
Source rdamedia
338 ## - TAŞIYICI TÜRÜ
Carrier type term cilt
Carrier type code nc
Source rdacarrier
490 1# - DİZİ BİLDİRİMİ
Dizi Bildirimi Türkiye İş Bankası kültür yayınları.
490 1# - DİZİ BİLDİRİMİ
Dizi Bildirimi Genel yayın ;
Cilt Numarası 1767.
490 1# - DİZİ BİLDİRİMİ
Dizi Bildirimi Hasan Ali Yücel klasikler dizisi ;
Cilt Numarası CXVI
500 ## - GENEL NOT
Genel Not Bibliography: p. 83.
650 #0 - KONU BAŞLIĞI EK GİRİŞ - KONU TERİMİ
Konusal terim veya coğrafi ad Iambic poetry, Greek--History and criticism.
9 (RLIN) 76131
650 #0 - KONU BAŞLIĞI EK GİRİŞ - KONU TERİMİ
Konusal terim veya coğrafi ad Hipponax, fl. 540-537 B.C.--Criticism and interpretation.
9 (RLIN) 76132
830 1# - SERİ EK GİRİŞİ - TEKBİÇİM ESER ADI
Tekbiçim Başlık Türkiye İş Bankası kültür yayınları.
9 (RLIN) 9046
830 1# - SERİ EK GİRİŞİ - TEKBİÇİM ESER ADI
Tekbiçim Başlık Genel yayın ;
Volume number/sequential designation 1767.
9 (RLIN) 11064
830 1# - SERİ EK GİRİŞİ - TEKBİÇİM ESER ADI
Tekbiçim Başlık Hasan Ali Yücel klasikler dizisi ;
Volume number/sequential designation CXVI
9 (RLIN) 43692
942 ## - EK GİRİŞ ÖGELERİ (KOHA)
Source of classification or shelving scheme Library of Congress Classification
Koha item type Book
Holdings
Materyal Türü Kalıcı Konum Mevcut Konum Raf Yeri Sınıflandırma Kaynağı Edinim Bilgisi Ana Konular Alt Konular Yer Numarası Demirbaş Numarası Fatura Tarihi Maliyet, Alış Fiyatı Maliyet, Yenileme Fiyatı Geri Çekilme Durumu Kayıp Durumu Hasarlı Durumu Kredi için değil Kayıt Tarih Toplam Ödünçverme Son Görülme Tarihi Son Kontrol Tarihi Satın Alma Notu
Book Prof. Dr. Azmi Özcan Kütüphanesi Prof. Dr. Azmi Özcan Kütüphanesi Birûni Salonu Library of Congress Classification Satın DİL VE EDEBİYAT Yunan Dili ve Edebiyatı, Latin Dili ve Edebiyatı PA4017.H3 B88 2009 0041043 24/09/2013 11.36 11.36         30/07/2013   05/12/2024 05/12/2024 73291-73383 (92 sayfa)